书目信息 |
| 题名: |
傅里叶光学教程
|
|
| 作者: | 黄婉云 编 | |
| 分册: | ||
| 出版信息: | 北京 北京师范大学出版社 1985 |
|
| 页数: | 279页 | |
| 开本: | 20cm | |
| 丛书名: | ||
| 单 册: | ||
| 中图分类: | O436 , O43 | |
| 科图分类: | ||
| 主题词: | 傅里叶光学--高等学校--教材 , 光学 | |
| 电子资源: | ||
| ISBN: | ||
| 000 | 00715nam0 2200277 45 | |
| 001 | 0185011089 | |
| 005 | 20040705090516.0 | |
| 010 | @dCNY2.30 | |
| 091 | @a1324.363 | |
| 100 | @a19900918d1985 em y0chiy0121 ea | |
| 101 | 0 | @achi |
| 102 | @aCN@b110000 | |
| 105 | @ay z 000yy | |
| 106 | @ar | |
| 200 | 10 | @a傅里叶光学教程@Afu li ye guang xue jiao cheng@f黄婉云编 |
| 210 | @a北京@c北京师范大学出版社@d1985 | |
| 215 | @a279页@d20cm | |
| 300 | @a高等学校教学用书 | |
| 606 | @a傅里叶光学@x高等学校@x教材 | |
| 606 | 0 | @a光学 |
| 690 | @aO436@v3 | |
| 690 | @aO43 | |
| 701 | 0 | @a黄婉云@Ahuang wan yun@4编 |
| 801 | 0 | @aCN@b深圳图书馆@c20040705 |
| 801 | 2 | @aCN@bNLC@c20040705 |
| 905 | @f1@b136478@dO43@e39 | |
| 傅里叶光学教程/黄婉云编.-北京:北京师范大学出版社,1985 |
| 279页;20cm |
| 高等学校教学用书 |
| ISBN :CNY2.30 |
| ● |
| 相关链接 |
|
|
|
|
正题名:傅里叶光学教程
索取号:O43/39
 
预约/预借
| 序号 | 登录号 | 条形码 | 馆藏地/架位号 | 状态 | 备注 |
| 1 | 0136477 | 001463026 | 第三借阅区/ [索取号:O43/39] | 在馆 | |
| 2 | 0136478 | 001940458 | 第三借阅区/ [索取号:O43/39] | 在馆 | |
| 3 | 0136479 | 001463035 | 第三借阅区/ [索取号:O43/39] | 在馆 | |
| 4 | 0136480 | 001463017 | 第三借阅区/ [索取号:O43/39] | 在馆 | |
| 5 | 0136481 | 202098354 | 第二样本阅览室/ [索取号:O43/39] | 在馆 |